00200 a2200073 4500020000900000082002000009100005300029245004400082 a2989 aST 540.712 KOEL aMarga Koelman, Clarisa Steyn and Doret Spykerman aPhysical Science : Chemistry - Grade 10